Pasajero para Frankfurt / (Registro nro. 30312)
[ vista simple ]
| 000 -LÍDER | |
|---|---|
| campo de control de longitud fija | 01274nam a22002537a 4500 |
| 003 - IDENTIFICADOR DE NÚMERO DE CONTROL | |
| campo de control | OSt |
| 005 - FECHA Y HORA DE LA ÚLTIMA | |
| campo de control | 20250425162026.0 |
| 008 - ELEMENTOS DE DATOS DE LONGITUD FIJA - INFORMACIÓN GENERAL | |
| campo de control de longitud fija | 231027b |||||||| |||| 00| 0 eng d |
| 020 ## - NÚMERO INTERNACIONAL NORMALIZADO DEL LIBRO | |
| Número de libro estándar internacional | 9789584289636 |
| 037 ## - FUENTE DE ADQUISICIÓN | |
| Materials specified | Donación |
| 040 ## - FUENTE DE CATALOGACIÓN | |
| Agencia de catalogación original | CO-JMCR |
| Agencia de transcripción | CO-JMCR |
| Agencia modificadora | CO-JMCR |
| Convenciones de descripción | rda |
| 041 ## - CÓDIGO DE IDIOMA | |
| Código de idioma del texto/pista de sonido o título independiente | spa |
| 082 ## - NÚMERO DE CLASIFICACIÓN DECIMAL DEWEY | |
| Número de clasificación | A-N |
| Número de artículo | CHRp1 |
| 100 ## - ENTRADA PRINCIPAL - NOMBRE PERSONAL | |
| Nombre personal | Christie, Agatha |
| Término relativo | autor |
| 9 (RLIN) | 42190 |
| 245 ## - DECLARACIÓN DEL TÍTULO | |
| Título | Pasajero para Frankfurt / |
| Declaración de responsabilidad, etc. | Agatha Christie; traduccion de Ramón Margalef Llambrich |
| 246 ## - FORMA VARIABLE DEL TÍTULO | |
| Título propiamente dicho/título corto | Passenger to Frankfurt |
| 260 ## - PUBLICACIÓN, DISTRIBUCIÓN, ETC. | |
| Lugar de publicación, distribución, etc. | Bogotá: |
| Nombre del editor, distribuidor, etc. | Editorial Nomos, |
| Fecha de publicación, distribución, etc. | 2020 |
| 300 ## - DESCRIPCIÓN FÍSICA | |
| Medida | 227 páginas; |
| Dimensiones | 19 cm. |
| 520 ## - RESUMEN, ETC. | |
| Resumen, etc | Una novela de intriga política insuperable.<br/>Sir Stafford Nye vuela desde Malasia a Londres. Pero el viaje se ve alterado cuando una joven le confiesa que alguien intenta matarla. En un momento de debilidad, Sir Stafford le presta su pasaporte. Sin saberlo, el diplomático acaba de poner en riesgo su vida.<br/><br/>Cuando vuelve a encontrarse con la mujer misteriosa, ella es una persona distinta, y él se ve arrastrado a una batalla contra un enemigo invisible y verdaderamente peligroso. |
| 650 ## - ENTRADA AÑADIDA DE ASUNTO - TÉRMINO TEMÁTICO | |
| Fuente del encabezado o término | JMCR |
| -- | Literatura policiaca |
| 9 (RLIN) | 43393 |
| 650 ## - ENTRADA AÑADIDA DE ASUNTO - TÉRMINO TEMÁTICO | |
| Fuente del encabezado o término | JMCR |
| -- | Literatura |
| Subdivisión general | Policías |
| 9 (RLIN) | 43394 |
| 700 ## - ENTRADA AGREGADA - NOMBRE PERSONAL | |
| Nombre personal | Margalef Llambrich, Ramón |
| Término relativo | traductor |
| 9 (RLIN) | 43395 |
| 942 ## - ELEMENTOS DE ENTRADA AÑADIDOS (KOHA) | |
| Source of classification or shelving scheme | Dewey Decimal Classification |
| Tipo de artículo Koha | Books |
| 999 ## - | |
| -- | 30312 |
| -- | 16696 |
| Estado retirado |
|---|